00836nam a22002298i 4500001001000000003000400010005001700014008004100031020004200072040003700114050001700151100002500168245010000193260004500293300004500338336002600383337002800409338002700437440004900464504005100513650004200564021007265OSt20260203143024.0230320s2023 sz 000|0|eng|d a9783031292064 (Hardcover)cUSD 140.00 aStDuBDSbengcStDuBDSerdadNUST aTK5102.9 WIS1 aWisiol, NilseAuthor10aModeling attack security of physical unclonable functions based on Arbiter PUFs /cNils Wisiol. aCham, Switzerland :bSpringer, c©2023. axi, 118 pages :bIllustrations ;c24 cm. atext2rdacontentbtxt aunmediated2rdamediabn avolume2rdacarrierbnc aT-labs series in telecommunication services. aIncludes bibliographical references and index. 0aTelecommunicationxSecurity measures.